Das Lied von der Erde

Saved in:
Bibliographic Details
Main Author: Mahler, Gustav, 1860-1911
Corporate Authors: Philharmonia Orchestra (London, England), New Philharmonia Orchestra
Other Authors: Ludwig, Christa (Performer), Wunderlich, Fritz, 1930-1966 (Performer), Klemperer, Otto, 1885-1973 (Conductor)
Format: Audio
Language:German
Published: London, England : EMI Classics, p1998
Series:Great recordings of the century
Subjects:
Tags: Add Tag
No Tags, Be the first to tag this record!

MARC

LEADER 00000cjm a2200000 i 4500
001 1/21410
008 060111s1998 uk ger d
028 0 1 |a 7243 5 66892 2 0  |b EMI CLASSICS 
035 |l 10081872 
040 |a GR-MY-UA  |b gre  |e aacr 
041 0 |a ger  |e eng  |e ger  |e fre  |e spa  |g eng  |g ger  |g fre  |g spa 
082 0 |a 782.47  |2 (22η εκδ.) 
100 1 |a Mahler, Gustav,   |d 1860-1911. 
245 1 4 |a Das Lied von der Erde  |h [ηχογράφηση] /  |c Mahler 
260 |a London, England :   |b EMI Classics,   |c p1998 
300 |a 1 δίσκος CD (64 λ.);  |b ψηφιακή, στέρεο.;  |c 4 3/4 ίν.+  |e 1 φυλλάδιο (31 σ.) 
490 1 |a Great recordings of the century 
505 0 |a Das Trinklied vom Jammer der Erde (8.07)Der Einsame im Herbst (10.11)Von der Jugend (3.43)Von der Schonheit (7.47)Der Trunkene im Fruhling (4.44)Der Abschied (29.33) 
511 |a Christa Ludwig, mezzo-soprano; Fritz Wunderlich, tenor; Philharmonia Orchestra; New Philharmonia Orchestra; Otto Klemperer, conductor 
650 0 0 |a Song cycles. 
650 0 0 |a Songs (Medium voice) with orchestra. 
650 0 0 |a Songs (Low voice) with orchestra. 
700 1 |a Ludwig, Christa.  |4 prf 
700 1 |a Wunderlich, Fritz,   |d 1930-1966.  |4 prf 
700 1 |a Klemperer, Otto,   |d 1885-1973.  |4 cnd 
710 2 |a Philharmonia Orchestra (London, England) 
710 2 |a New Philharmonia Orchestra. 
830 0 |a Great recordings of the century 
852 |a INST  |b SYROS  |c AV  |e 20060111  |h 782.47 MAH  |p 005500005258  |q 005500005258  |t CD  |y 23 
901 |a BIBL1-2006-1 
920 |a ΔΙΕΥΡΥΝΣΗ  |b ΕΠΕΑΕΚ-ΤΜΣΠΣ  |y ΣΥΡΟΣ  |z 2004-10 
970 |a ΚΟΝΤΟΥ  |b ΠΑΡΑΣΚΕΥΗ  |z 2006/01/11